Loading...
| Literature - European Literature | 0 | 3 | 0 | 1 | 30 | 129 | 135.33 | 0 | 2 |
| Mythology | 0 | 2 | 0 | 1 | 20 | 97 | 115.50 | 0 | 1 |
| Literature - American Literature | 0 | 1 | 0 | 0 | 10 | 150 | 150.00 | 0 | 0 |
| Fine Arts - Other Fine Arts | 0 | 1 | 0 | 0 | 10 | 99 | 99.00 | 0 | 0 |
| History - American History | 0 | 1 | 0 | 1 | 10 | 137 | 137.00 | 0 | 1 |
| Literature - World Literature | 1 | 0 | 1 | 0 | 10 | 77 | 77.00 | 1 | 1 |
| Pop Culture | 0 | 1 | 0 | 0 | 10 | 140 | 140.00 | 0 | 0 |
| Religion | 0 | 1 | 0 | 0 | 10 | 129 | 129.00 | 0 | 0 |
| Science - Physics | 0 | 1 | 0 | 0 | 10 | 85 | 85.00 | 0 | 0 |
| Science - Other Science | 0 | 1 | 1 | 0 | 5 | 102 | 102.00 | 1 | 1 |
| Literature - British Literature | 0 | 1 | 1 | 1 | 5 | 149 | 149.00 | 0 | 0 |
| Social Science | 0 | 1 | 1 | 0 | 5 | 106 | 106.00 | 0 | 1 |
| History - World History | 0 | 0 | 2 | 0 | -10 | 0.00 | 0 | 0 | |
| Philosophy | 0 | 0 | 2 | 0 | -10 | 0.00 | 0 | 0 |